AI Chatbot Logos Quiz - Statistics

General Stats
  • This quiz has been taken 31 times
  • The average score is 6 of 8
Answer Stats
Picture Answer % Correct
ChatGPT
100%
Google Gemini
90%
Meta AI
76%
Microsoft Copilot
72%
Grok
69%
Claude
59%
DeepSeek
52%
Perplexity
34%
No matching quizzes found
Score Distribution
Percent of People with Each Score
Percentile by Number Answered
Your Score History
You have not taken this quiz